000 00610nam a22001817a 4500
003 ASAB
005 20180827062840.0
008 180511t xxu||||| |||| 00| 0 eng d
040 _cASAB
082 _aThesis 2013 SR
100 _aSaima Rizwan-sup-Dr. Muhammad Ashraf
_93925
110 _aCo-Supervisor Dr. Touqeer Ahmed
_93926
245 _aTH-MS-Therapeutic role of Aspirin in AICI3-induced mouse model of Alzheimer’s disease
_cSaima Rizwan-sup-Dr. Muhammad Ashraf
260 _aIslamabad
_bASAB NUST
_c2013
300 _axiv, 110 P
_c30 cm
630 _aVirology and Immunology
_93927
942 _2ddc
_cTH
999 _c480863
_d480863